| 000 | 00372nam a2200145Ia 4500 | ||
|---|---|---|---|
| 008 | 150201s1993 xx 000 0 und d | ||
| 082 |
_a617.525 _bK1993P |
||
| 100 | _aPETER BANKS | ||
| 245 | _aKILLEYS FRACTURES OF THE MANDIBLE | ||
| 250 | _a1ST | ||
| 260 |
_bVARGHESE PUBLICATION _aDADAR(MUMBAI) _c1993 |
||
| 300 | _a1-250 | ||
| 650 | _aORAL SURGERY | ||
| 942 |
_2ddc _cBK _07 |
||
| 999 |
_c3828 _d3828 |
||